Central Library OPAC University of Rajshahi

India's Muslim problem : (Record no. 64038)

MARC details
000 -LEADER
fixed length control field 00782nam a2200241 a 4500
001 - CONTROL NUMBER
control field 64038
003 - CONTROL NUMBER IDENTIFIER
rucl marc code BD-RjUL
005 - DATE AND TIME OF LATEST TRANSACTION
control field 20211209081250.0
008 - FIXED-LENGTH DATA ELEMENTS--GENERAL INFORMATION
fixed length control field 170208s1994 ii 000 0 eng d
035 ## - SYSTEM CONTROL NUMBER
System control number (BD-RjUL)64168
040 ## - CATALOGING SOURCE
Original cataloging agency DLC
Transcribing agency DLC
Language of cataloging eng
Modifying agency BD-RjUL
041 ## - LANGUAGE CODE
Language code of text/sound track or separate title eng
082 ## - DEWEY DECIMAL CLASSIFICATION NUMBER
Classification number 305.6970954
Author mark and year RAI 1994
100 1# - MAIN ENTRY--PERSONAL NAME
Personal name Rajshekar Shetty, V. T.,
Dates associated with a name 1932-
9 (RLIN) 190217
245 10 - TITLE STATEMENT
Title India's Muslim problem :
Remainder of title agony of the country's single largest community persecuted by Hindu nazis /
Statement of responsibility, etc. V.T. Rajshekar.
260 ## - PUBLICATION, DISTRIBUTION, ETC. (IMPRINT)
Place of publication, distribution, etc. Bangalore :
Name of publisher, distributor, etc. Dalit Sahitya Akademy,
Date of publication, distribution, etc. 1994
300 ## - PHYSICAL DESCRIPTION
Pagination 91 p. ;
Size 23 cm.
504 ## - BIBLIOGRAPHY, ETC. NOTE
Bibliography, etc Includes bibliographical references
650 #0 - SUBJECT ADDED ENTRY--TOPICAL TERM
Topical term or geographic name as entry element Muslims
Geographic subdivision India.
9 (RLIN) 172017
710 2# - ADDED ENTRY--CORPORATE NAME
Corporate name or jurisdiction name as entry element Dalit Sahitya Akademy.
9 (RLIN) 190218
942 ## - ADDED ENTRY ELEMENTS (KOHA)
Source of classification or shelving scheme Dewey Decimal Classification
Koha item type Books
Holdings
Lost status Source of classification or shelving scheme Damaged status Not for loan Collection code Permanent Location Current Location Shelving location Date acquired Total Checkouts Full call number Date last seen Copy number Koha item type
  Dewey Decimal Classification   Not For Loan Non-fiction Central Library, University of Rajshahi Central Library, University of Rajshahi Reading Room 01/05/1995   305.6970954 RAI 1994 08/02/2017 C-1 Books